[Event "EGY-ch (Women)"]
[Site "Giza"]
[Date "2022.09.14"]
[Round "9"]
[White "Ahmed, Salma"]
[Black "Kandil, Jomana"]
[Result "1-0"]
[WhiteElo "1344"]
[BlackElo "1282"]
[PlyCount "93"]
[EventDate "2022.09.10"]
[EventType "swiss"]
[EventRounds "9"]
[EventCountry "EGY"]
[SourceTitle "EXT 2023"]
[Source "ChessBase"]
[SourceDate "2022.10.05"]
[SourceVersion "1"]
[SourceVersionDate "2022.10.05"]
[SourceQuality "1"]

1. c4 Nf6 2. Nc3 e6 3. Nf3 d5 4. cxd5 exd5 5. d4 c5 6. g3 Nc6 7. Bg2 Be7 8. 0-0 Be6 9. Bf4 Qb6 10. Na4 Qb5 11. dxc5 Bxc5 12. Qc2 Ne4 13. Rac1 Nb4 14. Qd1 Nxa2 15. Ra1 Nb4 16. Nxc5 Qxc5 17. Rc1 Qa5 18. Nd4 Nc5 19. Bd6 Rc8 20. Nxe6 fxe6 21. Qd4 Nb3 22. Rxc8+ Kd7 23. Qxg7+ Kxc8 24. Qxh8+ Kd7 25. Qf8 Nc6 26. Ba3 Nbd4 27. Qf7+ Kc8 28. e3 Ne2+ 29. Kh1 Nd8 30. Qe8 Kc7 31. Bf3 Qa6 32. Bxe2 Qxe2 33. Rc1+ Nc6 34. Qf7+ Kb6 35. Qxe6 Qxf2 36. Qxd5 Ka6 37. Rxc6+ b6 38. Rc1 Qxe3 39. Qc4+ b5 40. Qc8+ Ka5 41. b4+ Ka4 42. Qa6+ Kb3 43. Rb1+ Kc2 44. Rb2+ Kd1 45. Qd6+ Ke1 46. Rb1+ Ke2 47. Qd1+ 1-0

[Event "EGY-ch (Women)"]
[Site "Giza"]
[Date "2022.09.13"]
[Round "8"]
[White "Kandil, Jomana"]
[Black "Mostafa, Mohamed Menna"]
[Result "1-0"]
[WhiteElo "1282"]
[BlackElo "1300"]
[PlyCount "63"]
[EventDate "2022.09.10"]
[EventType "swiss"]
[EventRounds "9"]
[EventCountry "EGY"]
[SourceTitle "EXT 2023"]
[Source "ChessBase"]
[SourceDate "2022.10.05"]
[SourceVersion "1"]
[SourceVersionDate "2022.10.05"]
[SourceQuality "1"]

1. e4 e5 2. Nf3 Nc6 3. Bc4 Nf6 4. d3 Bc5 5. c3 d6 6. 0-0 a6 7. b4 Ba7 8. a4 h6 9. h3 Be6 10. Nbd2 0-0 11. Re1 Qd7 12. Bxe6 fxe6 13. Nf1 Rae8 14. Be3 Bxe3 15. Nxe3 Ne7 16. d4 Nxe4 17. dxe5 Nxc3 18. Qd3 Nxa4 19. exd6 cxd6 20. Ne5 Qb5 21. Qxd6 Nf5 22. Nxf5 Rxf5 23. Ng6 Rf6 24. Re5 Qb6 25. Qd7 Rd8 26. Ne7+ Kh7 27. Qxa4 Qxf2+ 28. Kh1 Rd2 29. Rg1 Qg3 30. Qe8 h5 31. Rxh5+ Rh6 32. Qg8# 1-0